02849nam a22003735a 4500999001700000003000900017005001700026008004100043020001500084020001800099040004300117082002300160245007900183250002300262264005200285300004700337336002600384337002800410338002700438490003800465500002800503504005100531505060100582520071301183650007201896650010301968650010202071651001002173653002702183655002402210700003902234942003002273952017202303 c22113d22085EG-ScBUE20210308092825.0160804r20132010enka f b 001 0 eng d a0521136059 a9780521136051 aEG-ScBUEbengerdacEG-ScBUEdEG-ScBUE04a820.9145 bCAM22204aThe Cambridge companion to British romanticism /cedited by Stuart Curran. aReprinted edition. 1aCambridge :bCambridge University Press,c2013. axxix, 288 pages :billustrations ;c23 cm. 2rdacontentatextbtxt 2rdamediaaunmediatedbn 2rdacarrieravolumebnc0 aCambridge companion to literature aReprint of the 2010 ed. aIncludes bibliographical references and index. aRomanticism and the "schools" of criticism and theory / Jerrold E. Hogle -- Romanticism and Enlightenment / Marshall Brown -- Poetry in an age of revolution / P.M.S. Dawson -- German Romantic Idealism / Peter Thorslev -- Romanticism and language / William Keach -- Culture's medium : the role of the Review / Marilyn Butler -- Publishing and the provinces in Romantic-era Britain / Stephen C. Behrendt -- Women readers, women writers / Stuart Curran -- Romantic fiction / Gary Kelly -- Romantic poetry : why and wherefore? / Stuart Curran -- The sister arts in British Romanticism / Morris Eaves. a"This new edition of The Cambridge Companion to British Romanticism has been fully revised and updated and includes two wholly new essays, one on recent developments in the field, and one on the rapidly expanding publishing industry of this period. It also features a comprehensive chronology and a fully up-to-date guide to further reading. For the past decade and more the Companion has been a much-admired and widely-used account of the phenomenon of British Romanticism that has inspired students to look at Romantic literature from a variety of critical angles and approaches. In this new incarnation, the volume will continue to be a standard guide for students of Romantic literature and its contexts" 7aRomanticismzGreat Britain vHandbooks, manuals, etc.2BUEsh940647 7940648aEnglish literature y18th century xHistory and criticism vHandbooks, manuals, etc.2BUEsh 7940649aEnglish literature y19th centuryxHistory and criticismvHandbooks, manuals, etc. 2BUEsh 2BUEsh cAugust 2016 bHHUUEENN vReading book9342321 940646aCurran, Stuart‏ eeditor. 2ddce22k820.9145 CAMcBB 00102ddc40708BaccahaMAINbMAINc2NDd2016-08-04ePurchaseg515.00h25868l2m23o820.9145 CAMp000033152r2025-07-15 00:00:00s2022-10-12v644.00w2016-08-04yBB